|
|
|
|
| LEADER |
01393nam a2200385 a 4500 |
| 001 |
000539154 |
| 003 |
CZ BrMZK |
| 005 |
20080312115913.0 |
| 007 |
ta |
| 008 |
010907s2000 xr e d cze d |
| 015 |
|
|
|a cnb000978239
|
| 020 |
|
|
|a 80-86102-13-0
|
| 035 |
|
|
|a (OCoLC)47366291
|
| 040 |
|
|
|a BOA001
|b cze
|
| 043 |
|
|
|a e-xr---
|
| 072 |
|
7 |
|a 792
|x Divadlo. Divadelní představení
|2 Konspekt
|9 3
|
| 080 |
|
|
|a 792.054-028.82
|2 MRF
|
| 080 |
|
|
|a 81'373.46
|2 MRF
|
| 080 |
|
|
|a (437.3)
|2 MRF
|
| 080 |
|
|
|a (038)81
|2 MRF
|
| 080 |
|
|
|a (038.072)
|2 MRF
|
| 100 |
1 |
|
|a Dvořák, Jan,
|d 1951-
|7 jn20000400585
|
| 245 |
1 |
0 |
|a Alt.divadlo :
|b slovník českého alternativního divadla /
|c Jan Dvořák ; úvod: Jan Roubal
|
| 250 |
|
|
|a Vyd. 1.
|
| 260 |
|
|
|a V Praze :
|b Pražská scéna,
|c 2000
|
| 300 |
|
|
|a 253 s. ;
|c 21 cm
|
| 650 |
0 |
7 |
|a alternativní divadlo
|7 ph118360
|z Česko
|2 czenas
|
| 650 |
0 |
7 |
|a oborová terminologie
|7 ph138998
|2 czenas
|
| 655 |
|
7 |
|a terminologické slovníky
|7 fd202538
|2 czenas
|
| 655 |
|
7 |
|a výkladové slovníky
|7 fd133855
|2 czenas
|
| 700 |
1 |
|
|a Roubal, Jan,
|d 1947-2015
|7 jn20010309178
|
| 856 |
4 |
1 |
|u http://www.digitalniknihovna.cz/mzk/uuid/uuid:14b59db0-592b-11e4-bc71-005056827e52
|y Digitalizovaný dokument
|x NDK
|
| 910 |
|
|
|a BOA001
|b 2-1078.882
|
| 990 |
|
|
|a BK
|
| 996 |
6 |
|
|b 2610124427
|c 2-1078.882
|l MZK
|r Sklad / do 1 hodiny
|n 18
|p p.v.
|w 000539154
|u 000010
|a 1
|e BOA001
|j MZK50
|s P
|